Score 0/21 Timer 02:00
0 Plays Today
Clue 4-Letter Word % Correct
To prepare a mealCOOK
94.1%
Jack, Queen, or Ace, e.g.CARD
94%
Armored vehicleTANK
92.6%
Corner chess pieceROOK
91.4%
Small, sharp nailTACK
89.2%
Seal a letter in a bottleCORK
88.3%
Fire residueSOOT
88.3%
To cheer for a sports teamROOT
87.6%
Plugin for electric objectsCORD
86.2%
☀ Fast food chain: ___ [last rung] ☀☀TACO☀
85.4%
Pre-Easter Catholic observanceLENT
83.5%
Clue 4-Letter Word % Correct
☀ Crunchy corn taco shell ☀☀HARD☀
83.3%
Former HR king AaronHANK
82.5%
☀ Fast food chain: [first rung] ___☀BELL☀
81.7%
Angled or crookedBENT
80.8%
Command to 'listen' in centuries pastHARK
80.6%
Three of this makes a rightLEFT
79.2%
☀ Lighter flour taco shell ☀☀SOFT☀
78.6%
Pick upLIFT
76.8%
Run through a sieve or grateSIFT
76%
Gathering of asteroidsBELT
74.9%

Today's Daily Dose

Remove Ads.
Support Sporcle.
Get the best of Sporcle when you Go Orange. This ad-free experience offers more features, more stats, and more fun while also helping to support Sporcle. Thank you for becoming a member.

You're not logged in!

Compare scores with friends on all Sporcle quizzes.
OR
Log In

Show Comments

Extras

Top Quizzes Today


Score Distribution

Your Account Isn't Verified!

In order to create a playlist on Sporcle, you need to verify the email address you used during registration. Go to your Sporcle Settings to finish the process.

Report this User

Report this user for behavior that violates our Community Guidelines.

Details: